000
00286nam a2200109Ia 4500
008
230907s9999||||xx |||||||||||||| ||und||
082
_a
628.746,BIO
245
0
_a
Bioenergy production by anaerobic digestion:
260
_a
Earthscan
_b
London
_c
2013
300
_a
xxx, 442p.:
942
_c
BK
999
_c
597904
_d
597904